Pembangunan dan Dinamika Masyarakat Malaysia

Bibliographic Details
Corporate Author: Title
Other Authors: Fashbir Noor Sidin, Mohd. Razali Agus
Format: Book
Published: Kuala Lumpur : Utusan Publications & Distributors Sdn Bhd , 2000
Series:Siri Pengajian dan pendidikan utusan
Subjects:

MARC

LEADER 00000cam a2200000 7i4500
001 0000013173
005 20080108.0
008 080108
020 |a 9676110574 
090 0 0 |a 307.1409595   |b PEM 
245 1 0 |a Pembangunan dan Dinamika Masyarakat Malaysia   |c Diselenggarakan oleh Mohd. Razali Agus & Fashbir Noor Sidin 
260 |a Kuala Lumpur :   |b Utusan Publications & Distributors Sdn Bhd ,   |c 2000 
440 |a Siri Pengajian dan pendidikan utusan 
650 0 |a Community development   |z Malaysia 
650 0 |a Malaysia   |x Social conditions 
700 0 |a Fashbir Noor Sidin 
700 0 |a Mohd. Razali Agus 
710 0 |a Title 
999 |a 0000795801   |b Book   |c Adult Collection   |e Cawangan Segamat 
999 |a 0000798656   |b Book   |c Adult Collection   |e Cawangan Pontian 
999 |a 0000818766   |b Book   |c Adult Collection   |e Cawangan Mersing 
999 |a 0000909916   |b Book   |c Adult Collection   |e Cawangan Bandar Tenggara 
999 |a 0001011273   |b Book   |c Adult Collection   |e Cawangan Urban Transformation Centre 
999 |a 0001011274   |b Book   |c Adult Collection   |e Perbadanan Perpustakaan Awam Johor 
999 |a 0001011275   |b Book   |c Adult Collection   |e Perbadanan Perpustakaan Awam Johor